| 000 | 00953nam a22003257a 4500 | ||
|---|---|---|---|
| 001 | BR6010772 | ||
| 003 | BR-BrBNA | ||
| 005 | 20230928083344.0 | ||
| 007 | ta | ||
| 008 | 230509b bl.||||| |||| 00| 0 por d | ||
| 040 |
_aBR-BrBNA _bpor _cBiblioteca Nacional de Agricultura |
||
| 041 | _a(Por) | ||
| 072 | _aP01; F40; P01 | ||
| 090 | _ P01 BR6010772 | ||
| 100 | 1 | _aFigueiredo, J.P. | |
| 110 | 1 |
_aInstituto Brasileiro de Desenvolvimento Florestal, Belo Horizonte, MG (Brasil) _95722 |
|
| 245 | 1 | _aParques nacionais do Brasil | |
| 260 | 3 |
_aBelo Horizonte, MG (Brasil): _c[nd]. |
|
| 300 | _avp. | ||
| 500 | _a(*) Documento disponível no(a) IBDF, Belo Horizonte, MG (Brazil) | ||
| 650 | _aPARQUE NACIONAL | ||
| 650 | _aECOLOGIA VEGETAL | ||
| 650 | _aPRESERVACAO DA NATUREZA | ||
| 650 | _aFLORA | ||
| 650 | _aFAUNA | ||
| 650 | _aPOLITICA FLORESTAL | ||
| 650 | _aRECURSO NATURAL | ||
| 909 |
_a202309 _bLucia _c55 _dLucia Elande |
||
| 942 | _cBK | ||
| 999 |
_c12996 _d12996 |
||